<?xml version="1.0" encoding="UTF-8"?>
<record
    xmlns:xsi="http://www.w3.org/2001/XMLSchema-instance"
    xsi:schemaLocation="http://www.loc.gov/MARC21/slim http://www.loc.gov/standards/marcxml/schema/MARC21slim.xsd"
    xmlns="http://www.loc.gov/MARC21/slim">

  <leader>00808nam a2200265   4500</leader>
  <controlfield tag="001">43614</controlfield>
  <datafield tag="010" ind1=" " ind2=" ">
    <subfield code="a">9789722527163</subfield>
  </datafield>
  <datafield tag="021" ind1=" " ind2=" ">
    <subfield code="b">363106/13</subfield>
  </datafield>
  <datafield tag="090" ind1=" " ind2=" ">
    <subfield code="a">43614</subfield>
  </datafield>
  <datafield tag="100" ind1=" " ind2=" ">
    <subfield code="a">20131216d2013    m  y0pory50030103ba</subfield>
  </datafield>
  <datafield tag="101" ind1="1" ind2=" ">
    <subfield code="a">por</subfield>
  </datafield>
  <datafield tag="102" ind1=" " ind2=" ">
    <subfield code="a">PT</subfield>
  </datafield>
  <datafield tag="200" ind1="1" ind2=" ">
    <subfield code="a">Lugares escuros</subfield>
    <subfield code="f">Gillian Flynn</subfield>
    <subfield code="g">trad. T&#xE2;nia Ganho</subfield>
    <subfield code="g">rev. Catarina Andrade</subfield>
  </datafield>
  <datafield tag="205" ind1=" " ind2=" ">
    <subfield code="a">1.&#xAA; ed.</subfield>
  </datafield>
  <datafield tag="210" ind1=" " ind2="9">
    <subfield code="a">Lisboa</subfield>
    <subfield code="c">Bertrand,</subfield>
    <subfield code="d">2013</subfield>
  </datafield>
  <datafield tag="215" ind1=" " ind2=" ">
    <subfield code="a">414, [2] p.</subfield>
    <subfield code="d">24 cm</subfield>
  </datafield>
  <datafield tag="225" ind1="2" ind2=" ">
    <subfield code="a">Grandes romances</subfield>
  </datafield>
  <datafield tag="304" ind1=" " ind2=" ">
    <subfield code="a">T&#xED;t. orig.: Dark places</subfield>
  </datafield>
  <datafield tag="675" ind1=" " ind2=" ">
    <subfield code="a">821.111(73)-312.4"20"</subfield>
    <subfield code="v">BN</subfield>
    <subfield code="z">por</subfield>
  </datafield>
  <datafield tag="700" ind1=" " ind2="1">
    <subfield code="a">Flynn,</subfield>
    <subfield code="b">Gillian,</subfield>
    <subfield code="f">1971-</subfield>
  </datafield>
  <datafield tag="702" ind1=" " ind2="1">
    <subfield code="a">Ganho,</subfield>
    <subfield code="b">T&#xE2;nia,</subfield>
    <subfield code="f">1973-</subfield>
    <subfield code="4">730</subfield>
  </datafield>
  <datafield tag="702" ind1=" " ind2="1">
    <subfield code="a">Andrade,</subfield>
    <subfield code="b">Catarina</subfield>
    <subfield code="4">675</subfield>
  </datafield>
  <datafield tag="801" ind1=" " ind2="0">
    <subfield code="a">PT</subfield>
    <subfield code="b">BN</subfield>
    <subfield code="g">RPC</subfield>
  </datafield>
  <datafield tag="856" ind1="4" ind2="1">
    <subfield code="u">http://rnod.bnportugal.gov.pt/ImagesBN/winlibimg.aspx?skey=&amp;doc=1858830&amp;img=36228&amp;save=true</subfield>
  </datafield>
  <datafield tag="990" ind1=" " ind2=" ">
    <subfield code="c">LIVROS</subfield>
  </datafield>
  <datafield tag="995" ind1=" " ind2=" ">
    <subfield code="1">0</subfield>
    <subfield code="9">70561</subfield>
    <subfield code="b">BAVR</subfield>
    <subfield code="c">BAVR</subfield>
    <subfield code="f">80357</subfield>
    <subfield code="k">82-31 FLY ROMANCE</subfield>
    <subfield code="o">0</subfield>
    <subfield code="r">LIVROS</subfield>
  </datafield>
</record>
